| 000 | 01135nam a22003377a 4500 | ||
|---|---|---|---|
| 001 | 278 | ||
| 003 | FISKH | ||
| 005 | 20230314140803.0 | ||
| 008 | 230314b cb ||||| |||| 00| 0 eng d | ||
| 010 | _a 97000933 | ||
| 040 |
_aDLC _cDLC _dDLC _dFISKH _beng |
||
| 042 | _alcac | ||
| 050 | 0 | 0 |
_aPZ7.R982 _bPv 1998 |
| 082 | 0 | 0 |
_a813.54 _221 |
| 100 | 1 | _aRylant, Cynthia. | |
| 245 | 1 | 0 |
_aPoppleton everyday / _cCynthia Rylant ; illustrated by Mark Teague. |
| 260 |
_aNew York _bScholastic _c1997 |
||
| 300 |
_a48 p. : _bcol. ill. ; _c23 cm. |
||
| 500 | _a"Book three." | ||
| 505 | _aF | ||
| 520 | _aThree delightful new tales about Poppleton for beginning readers, with charming illustrations by a best-selling artist, in which Poppleton gets sick while stargazing, goes in search of a new bed, and finds sailing anything but relaxing. | ||
| 521 | 8 |
_a420
_bLexile |
|
| 521 | 8 |
_aF
_bRaz-Plus |
|
| 650 | 1 |
_aPigs _xFiction. |
|
| 650 | 1 |
_aStars _xFiction. |
|
| 650 | 1 |
_aBeds _xFiction. |
|
| 650 | 1 |
_aSailing _xFiction. |
|
| 700 | 1 |
_aTeague, Mark, _eill. |
|
| 906 |
_a7 _bcbc _corignew _d1 _eocip _f19 _gy-gencatlg |
||
| 942 |
_2ddc _cBK _n0 |
||
| 999 |
_c278 _d278 |
||